000 00798nam a2200229Ia 4500
001 8992
003 GE_BSU
008 181216s||||||||xx |||||||||||||| ||und||
040 _cGE_BSU
080 _a82-93
100 _aკასრაძე,დავით
245 _aპატარა სოსო
245 _bბელადის ბავშვობა.საბავშვო მოთხრობა
245 _cრედ.ვ.ეგნატაშვილი,მხატვ.ე.გაბაშვილი
260 _aთბილისი
260 _bსაბლიტგამი
260 _c1944
300 _a100გვ.სურ.21სმ.
653 _aბელადის ბავშვობა
653 _aპატარა სოსო
942 _cBK
999 _c42297
_d42297